Top 10 Marvel Movies - Statistics

General Stats
  • This quiz has been taken 46 times
  • The average score is 9 of 15
Answer Stats
Hint Answer % Correct
2019 Avengers: Endgame
98%
2018 Avengers: Infinity War
93%
2018 Black Panther
86%
2012 The Avengers
86%
2016 Captain America: Civil War
69%
2015 Avengers: Age of Ultron
67%
2019 Captain Marvel
64%
2013 Ironman 3
64%
2000 X-Men
62%
2004 Spider-Man 2
48%
2016 Deadpool
45%
2018 Deadpool 2
38%
2017 Logan
38%
2016 X-Men: Apocalypse
19%
2019 Spider-Man Into the Spider-Verse
7%
No matching quizzes found
Score Distribution
Percent of People with Each Score
Percentile by Number Answered
Your Score History
You have not taken this quiz